|
|
|
|
| LEADER |
00837nam a2200229 a 4500 |
| 001 |
GR-MES7188 |
| 008 |
970101s enk 000 0 gre d |
| 020 |
|
|
|a 0333650069
|
| 040 |
|
|
|a GrPaTEI
|b gre
|c GR-PaULI
|
| 040 |
|
|
|a GrPaTEI
|b gre
|c GR-PaULI
|
| 245 |
0 |
0 |
|a Personnel management /
|c Margaret Attwood / Stuart Dimmock.
|
| 250 |
|
|
|a 3η
|
| 260 |
|
|
|a London :
|b MacMillan,
|c 1996
|
| 300 |
|
|
|a 240 σελ.
|
| 490 |
0 |
|
|a Macmillan Business masters
|
| 650 |
|
4 |
|a ΠΡΟΣΩΠΙΚΟ ΜΑΝΑΤΖΜΕΝΤ
|
| 700 |
1 |
|
|a ATTWOOD, MARGARET
|
| 700 |
1 |
|
|a DIMMOCK, STUART
|
| 942 |
|
|
|2 ddc
|
| 952 |
|
|
|0 0
|1 0
|2 ddc
|4 0
|6 658_300000000000000_ATT
|7 0
|9 277542
|a MSLG
|b MSLG
|c BSC
|d 2021-01-17
|e 24
|f 0
|g 0.00
|l 0
|o 658.3 ATT
|p 2420000016807
|r 2021-01-17 00:00:00
|t 1
|w 2021-01-17
|y BK15
|x 19970101 0 1
|x GrPaTEI
|
| 971 |
|
|
|a .b25856571
|b 15-04-20
|c 14-09-16
|
| 999 |
|
|
|c 161293
|d 161293
|